Score 0/28 Timer 06:00
6 Plays Today
% Correct
Neighborhood
96%
Door
95.9%
Family
95.6%
Came
95.2%
Away
94.5%
Going
94.4%
Evil
94.2%
Tour
94.1%
Drum
93.3%
Villain
93.1%
Week
92.6%
Rely
92.3%
Superman
91.9%
Side
91.7%
% Correct
Fellow
91.4%
Day
91.4%
Kooky
91.2%
Countryside
91%
Wish
91%
Dead
90.3%
Big
90.1%
You
89.9%
Lead
86.3%
New
85.4%
Crude
83.2%
D.O.A.
82.9%
Cause
81.9%
Fall
77.4%

You're not logged in!

Compare scores with friends on all Sporcle quizzes.
OR
Log In

Sporcle TV

Today on Sporcle TV


Watch our educational content, quiz creation guides, and fun videos on Sporcle TV.

Show Comments

Extras

Top Quizzes Today


Score Distribution

Paid Content

Your Account Isn't Verified!

In order to create a playlist on Sporcle, you need to verify the email address you used during registration. Go to your Sporcle Settings to finish the process.

Report this User

Report this user for behavior that violates our Community Guidelines.

Details: